CUSTOMARY LAW AS AT PRESENT ASCERTAINED (Record no. 9763)

MARC details
000 -LEADER
fixed length control field 00345nam a22001577a 4500
003 - CONTROL NUMBER IDENTIFIER
control field SGT
020 ## - INTERNATIONAL STANDARD BOOK NUMBER
International Standard Book Number 9788175345904
082 ## - DEWEY DECIMAL CLASSIFICATION NUMBER
Classification number 340.5,RAT
100 ## - MAIN ENTRY--PERSONAL NAME
Personal name RATTIGAN, W H
245 ## - TITLE STATEMENT
Title CUSTOMARY LAW AS AT PRESENT ASCERTAINED
250 ## - EDITION STATEMENT
Edition statement 16TH
260 ## - PUBLICATION, DISTRIBUTION, ETC. (IMPRINT)
Place of publication, distribution, etc NEW DELHI
Name of publisher, distributor, etc UNIVERSAL BOOKS
Year of Publication 2013
300 ## - PAGE DESCRIPTION
No. of Pages 960
650 ## - SUBJECT ADDED ENTRY--TOPICAL TERM
Topical term or geographic name as entry element LAW
942 ## - ADDED ENTRY ELEMENTS (KOHA)
Source of classification or shelving scheme Dewey Decimal Classification
Koha item type Books
Holdings
Withdrawn status Lost status Source of classification or shelving scheme Damaged status Not for loan Collection code Home library Current library Shelving location Date acquired Vendor Name Cost, normal purchase price SGTU Bill Number Total Checkouts Full call number Accession No. (Barcode) Date last seen Bill Date Koha item type
    Dewey Decimal Classification     LAW SGT Science & Social Sciences Library SGT Science & Social Sciences Library Text Book 02/08/2016 JUPITER LAW HOUSE 1100.00 SGTU 856   340.5,RAT FL399 02/08/2016 31/10/2014 Books
    Dewey Decimal Classification   Not For Loan LAW SGT Science & Social Sciences Library SGT Science & Social Sciences Library Reference Book 02/08/2016 JUPITER LAW HOUSE 1100.00 SGTU 856   340.5,RAT FL400 02/08/2016 31/10/2014 Books